| 000 | 01173nam a2200241 a 4500 | ||
|---|---|---|---|
| 999 |
_c1511 _d1511 |
||
| 001 | 1511 | ||
| 003 | BD-JhCC | ||
| 005 | 20180422131332.0 | ||
| 008 | 171021s2010 bg |||| |||| 000 0 ben d | ||
| 020 | _a9789845060585 | ||
| 035 | _a(BD-JhCC)1511 | ||
| 040 |
_aBD-JhCC _dBD-JhCC |
||
| 041 | _aben | ||
| 082 |
_a891.4409 _bSHA 2010 |
||
| 100 | _aশংকর | ||
| 245 |
_aএপার বাংলা ওপার বাংলা / _cশংকর |
||
| 260 |
_aঢাকা : _bদি ইউনিভার্সিটি প্রেস লিমিটেড, _c২০১০. |
||
| 300 |
_a২১৩ পৃ. : _c২১ সেমি. |
||
| 520 | _aএপার বাংলা ওপার বাংলা শঙ্করের একটি অন্যতম জনপ্রিয় গ্রন্থ। এই গ্রন্থের রচনাকাল ডিসেম্বর ১৯৬৭ থেকে ১৯৬৯। প্রথম অংশটি ফেব্রুয়ারি ১৯৬৮ সালে দেশ পত্রিকায় প্রকাশিত হয়। | ||
| 650 | _aBengali Literature | ||
| 942 |
_2ddc _cBK |
||